Inés del alma mía

保存先:
書誌詳細
第一著者: Allende, Isabel, 1942- (autora)
フォーマット: 図書
言語:スペイン語
出版事項: Buenos Aires, Argentina: Sudamericana, 2007.
版:Decimoprimera edición
シリーズ:Narrativa Latinoamericana
主題:
タグ: タグ追加
タグなし, このレコードへの初めてのタグを付けませんか!

MARC

LEADER 00000cam a2200000 a 4500
001 UCJ1582
003 CL-VaPUC
005 20241210105016.0
008 061103t20070000AG |||||||||||||||||spa|d
999 |c 444249  |d 444247 
020 |a 950-07-2761-7 
040 |c Pontificia Universidad Católica de Valparaíso 
082 7 |2 22  |a Ch863 ALL 2007 
100 |a Allende, Isabel,  |d 1942-  |e autora  |9 318389 
245 1 0 |a Inés del alma mía 
250 |a Decimoprimera edición 
260 |a Buenos Aires, Argentina:  |b Sudamericana,  |c 2007. 
300 |a 366 páginas 
490 0 |a Narrativa Latinoamericana 
500 |a c.1 Donación. PSIC - LIT - EPE. Memorandum Biblioteca Mayor de Filosofía y Educación. 22/07/2024 
583 |a last modification  |c 20130418 10:27:25  |k Angela Raggi 
650 0 |a Narrativa chilena  |9 342463 
650 0 |a Literatura chilena   |9 308278 
650 0 |a Mujeres novelistas  |9 889222  |z Chile 
942 |c BK  |2 ddc 
945 |d 20061103 00:00:00  |a jtorresc 
952 |0 0  |1 0  |2 ddc  |4 0  |6 CH_863_000000000000000_ALL_2007  |7 0  |8 A  |9 596026  |a BIBEDU  |b BIBEDU  |c GEN  |d 2024-07-22  |e Donación  |i 5662259  |l 1  |o Ch863 ALL 2007  |p 5662259  |r 2024-09-11  |s 2024-09-11  |t 1  |w 2024-07-24  |y BK  |k LIT